[Event "USA-ch (Women)"]
[Site "Parsippany"]
[Date "1996.??.??"]
[Round "3"]
[White "Khan, Anna"]
[Black "Burtman, Sharon"]
[Result "1-0"]
[WhiteElo "2165"]
[BlackElo "2110"]

1.e4 c5 2.Nf3 Nc6 3.Bb5 e6 4.c3 a6 5.Ba4 b5 6.Bc2 Nge7 7.O-O d5 8.e5 d4 9.Be4 dxc3
10.bxc3 Bb7 11.Na3 Qd7 12.Nc2 Rd8 13.a4 Nd5 14.Ne3 Be7 15.axb5 axb5 16.Qc2 h6
17.Nxd5 exd5 18.Bf5 Qc7 19.e6 O-O 20.exf7+ Kh8 21.Bg6 Bf6 22.d4 Ne7 23.dxc5 b4
24.Nd4 Bc8 25.Be3 bxc3 26.Bh5 Qe5 27.Qd1 c2 28.Nxc2 d4 29.Bxd4 Rxd4 30.Nxd4 Qxd4
31.Qxd4 Bxd4 32.Ra8 g6 33.Bg4 Kg7 34.Bxc8 Nxc8 35.Rd1 Bxc5 36.Rc1 Bxf2+ 37.Kxf2 Rxf7+
38.Kg1 Nd6 39.Ra6 Ne4 40.Rac6 Ng5 41.Rc7 Ne6 42.Rxf7+ Kxf7 43.Kf2 Kf6 44.Ke3 Ke5
45.Ra1 Kd5 46.Ra6 Ke5 47.Ra5+ Kd6 48.Ra8 Ke5 49.Rh8 h5 50.Ra8 g5 51.Ra5+ Kf6
52.Ke4 Ng7 53.Ra6+ Ne6 54.Kd5 Ke7  1-0

[Event "Pico City op"]
[Site "Pico City"]
[Date "1996.??.??"]
[Round "5"]
[White "Slipak, Sergio"]
[Black "Sorokin, Maxim"]
[Result "0-1"]
[WhiteElo "2515"]
[BlackElo "2550"]

1.e4 c5 2.Nf3 Nc6 3.Bb5 g6 4.Bxc6 bxc6 5.O-O Bg7 6.Re1 Nh6 7.c3 O-O 8.d4 cxd4
9.cxd4 d6 10.h3 f6 11.Nc3 Nf7 12.b3 e5 13.Bb2 Qb6 14.Rc1 Ba6 15.Rc2 Rfe8
16.d5 c5 17.Na4 Qd8 18.Bc3 f5 19.Nb2 Bc8 20.Nc4 fxe4 21.Nfd2 Ng5 22.h4 Nf7
23.Nxe4 Bf5 24.Rb2 Bf8 25.h5 Qh4 26.f4 Bxe4 27.Rxe4 exf4 28.Qd3 Rxe4 29.Qxe4 Ng5
30.Qe2 f3 31.gxf3 Qxh5 32.Nd2 Nh3+ 33.Kf1 Nf4 34.Qe4 g5 35.Qe3 Nxd5 36.Qe6+ Qf7
37.Qxf7+ Kxf7 38.Ne4 Nxc3 39.Nxc3 Bg7 40.Rc2 Bxc3 41.Rxc3 Rb8 42.Ke2 a5 43.Ke3 Rb4
44.a3 Rd4 45.Rc1 h5 46.Ra1 Kf6 47.Rh1 h4 48.Rc1 Kf5 49.Rb1 h3 50.Kf2 Kf4  0-1

[Event "Pico City op"]
[Site "Pico City"]
[Date "1996.??.??"]
[Round "6"]
[White "Kanefsck, Gustavo"]
[Black "Pierrot, Facundo"]
[Result "1-0"]
[WhiteElo "2315"]
[BlackElo "2420"]

1.e4 c5 2.Nf3 Nc6 3.Bb5 e6 4.O-O Nge7 5.Nc3 Nd4 6.Nxd4 cxd4 7.Ne2 a6 8.Bd3 Nc6
9.c3 Bc5 10.b3 O-O 11.Bb2 dxc3 12.dxc3 b5 13.Ng3 Bb7 14.Qh5 Qb6 15.Rae1 Ne7
16.b4 Bd6 17.e5  1-0

[Event "GER-ch U20 qual1"]
[Site "Pinneberg"]
[Date "1996.??.??"]
[Round "3"]
[White "De Gleria, Francesco"]
[Black "Buhr, Carl Christian"]
[Result "1/2-1/2"]
[WhiteElo "2350"]
[BlackElo "2245"]

1.e4 c5 2.Nf3 Nc6 3.Bb5 d6 4.d4 cxd4 5.Qxd4 Bd7 6.Bxc6 Bxc6 7.Nc3 Nf6 8.Bg5 e6
9.O-O-O Be7 10.Qd3 Qa5 11.h4 O-O 12.Nd4 Rfc8 13.f4 a6 14.f5 e5 15.Bxf6 gxf6
16.Nf3 Qc5 17.Rd2 b5 18.Nd5 Bxd5 19.Qxd5 Qxd5 20.Rxd5 h5 21.Rh3 Kh7 22.Rg3 Rg8
23.Rxg8 Rxg8 24.Rd2 Rg4 25.Re2 Kg8 26.Kd2 Kf8 27.Kd3 Ke8 28.c4 Kd7 29.b3 Bd8
30.cxb5 axb5 31.Ne1 Rxh4 32.Nc2 d5 33.exd5 Kd6 34.Ne3 Bb6 35.Rc2 Bxe3 36.Kxe3 Rg4
37.Rc6+ Kxd5 38.Rxf6 Rxg2 39.Rxf7 Rxa2 40.Rd7+ Kc6 41.Rh7 Kd5  1/2-1/2

[Event "GER-ch U17"]
[Site "Pinneberg"]
[Date "1996.??.??"]
[Round "4"]
[White "Kaid, Almar"]
[Black "Gottschlich, Carsten"]
[Result "0-1"]
[WhiteElo "2175"]
[BlackElo "2195"]

1.e4 c5 2.Nf3 Nc6 3.Bb5 g6 4.Bxc6 bxc6 5.O-O Bg7 6.Re1 e5 7.b4 cxb4 8.a3 Ne7
9.Bb2 d6 10.d4 Bg4 11.dxe5 Bxf3 12.Qxf3 dxe5 13.axb4 O-O 14.Na3 Qc7 15.Nc4 Rfb8
16.Qg3 Rxb4 17.Bxe5 Bxe5 18.Nxe5 Rb5 19.Nxg6 Qxg3 20.Nxe7+ Kf8 21.hxg3 Kxe7
22.Re3 a5 23.Kf1 Kd6 24.Ke2 Rb4 25.f3 f6 26.Rd3+ Kc5 27.Rh1 a4 28.Ra1 Kc4
29.Raa3 c5 30.Kd2 Rb1 31.Ke3 Kb4 32.g4 c4 33.Rdc3 Rd8 34.f4 Re1+ 35.Kf3 Rdd1
36.g5 fxg5 37.f5 Ra1 38.Rxa1 Rxa1 39.Re3 a3 40.e5 a2 41.e6 Rf1+ 42.Kg3 a1=Q
43.e7 Qa8 44.e8=Q Qxe8 45.Rxe8 Rxf5 46.Kg4 Rd5 47.Re7 h6 48.Kh5 Rd2 49.g4 Rh2+
50.Kg6 Kc3 51.Re4 Rh1 52.Re2 Rh4 53.Rg2 Kb2  0-1

[Event "GER-ch U20 qual2"]
[Site "Pinneberg"]
[Date "1996.??.??"]
[Round "7"]
[White "Schmenger, Felix"]
[Black "Rozman, Ilya"]
[Result "1/2-1/2"]
[WhiteElo "2255"]
[BlackElo "2205"]

1.e4 c5 2.Nf3 Nc6 3.Bb5 g6 4.Bxc6 bxc6 5.O-O Bg7 6.Re1 f6 7.c3 Nh6 8.d4 cxd4
9.cxd4 Nf7 10.Nc3 O-O 11.b3 d6 12.Bb2 e5 13.Qd3 Qa5 14.dxe5 Ba6 15.Qc2 fxe5
16.Rad1 Qc5 17.Qc1 Bh6 18.Ba3 Qa5 19.Qb2 Rad8 20.Nb1 Qc7 21.Nbd2 Ng5 22.Nxg5 Bxg5
23.Nc4 Be7 24.Re3 Rf6 25.Red3 Bb7 26.Qe2 d5 27.Bxe7 Qxe7 28.exd5 cxd5 29.Nxe5 Ba6
30.Qe3 Bxd3 31.Rxd3 Rdf8 32.f3 Qd6 33.g3 Rf5 34.f4 g5 35.Ng4 Qc6 36.Rc3 Qd6
37.fxg5 d4 38.Qd2 Rf1+ 39.Kg2 Qd5+ 40.Kh3 Qd6 41.Rc4 Rd8 42.Qd3 Rff8 43.Nf6+ Rxf6
44.gxf6 Qxf6 45.Rc7 Qe6+ 46.Kg2 Qd5+ 47.Kg1 Rd7 48.Qc4 Qxc4 49.Rxc4 d3 50.Rc1 Re7
51.Rc8+ Kf7 52.Rd8 Re2 53.Rxd3 Rxa2 54.Rf3+ Kg6 55.Rf2 Ra3 56.Rb2 a5 57.Rg2 a4  1/2-1/2

[Event "JUG-ch Podgorica"]
[Site "Podgorica"]
[Date "1996.??.??"]
[Round "3"]
[White "Pikula, Dejan"]
[Black "Mozetic, Dejan"]
[Result "1/2-1/2"]
[WhiteElo "2455"]
[BlackElo "2495"]

1.e4 c5 2.Nf3 Nc6 3.Bb5 g6 4.O-O Bg7 5.Bxc6 bxc6 6.Re1 Nh6 7.c3 O-O 8.d4 cxd4
9.cxd4 f6 10.Nc3 Nf7 11.b3 d6 12.h3 e5 13.Bb2 Be6 14.Rc1 Qa5 15.Na4 Rfc8
16.Rc2 Bf8 17.Bc3 Qa6 18.Nh2 c5 19.dxc5 dxc5 20.Ng4 Bxg4 21.Qxg4 c4 22.f4 cxb3
23.axb3 exf4 24.Qxf4 Bd6 25.Qf2 Be5 26.Nc5 Qb6 27.Bxe5 Nxe5 28.Rd1 Rd8  1/2-1/2

[Event "POL-ch"]
[Site "Poland"]
[Date "1996.??.??"]
[Round "1"]
[White "Pedzich, Dominik"]
[Black "Krasenkow, Michal"]
[Result "1/2-1/2"]
[WhiteElo "2425"]
[BlackElo "2610"]

1.e4 c5 2.Nf3 Nc6 3.Bb5 g6 4.O-O Bg7 5.c3 Nf6 6.Qe2 O-O 7.Rd1 d5 8.d3 Qb6
9.Na3 Bd7 10.Bg5 e6 11.Rac1 Rfc8 12.e5 Ne8 13.d4 cxd4 14.cxd4 Bf8 15.Bd3 Nb4
16.Bb1 Rxc1 17.Rxc1 Rc8 18.Rxc8 Bxc8 19.Be3 Bd7 20.g4 Nc7 21.Bc1 Nb5 22.Nxb5 Bxb5
23.Qe3 Qa6 24.a3 Bd3 25.Bd2 Bxb1 26.Bxb4 Bxb4 27.axb4 Be4 28.Ne1 Qc4 29.f3 Bb1
30.Qd2 Kf8 31.Kf2 Ke8 32.Ng2 Bd3 33.Ke3 Bc2 34.Ne1 Ba4 35.Kf2 Bb5 36.Kg3 Qf1
37.Qf2 Qc4 38.Qd2 Ba4 39.Ng2 b6 40.Ne3 Qb3 41.h4 Bb5 42.Kf2 Kd7 43.g5 Kd8
44.Ng4 Qc4 45.Ne3 Qb3 46.Ng4 Qc4 47.Ne3  1/2-1/2

[Event "POL-ch"]
[Site "Poland"]
[Date "1996.??.??"]
[Round "10"]
[White "Pedzich, Dominik"]
[Black "Markowski, Tomasz"]
[Result "1/2-1/2"]
[WhiteElo "2425"]
[BlackElo "2535"]

1.e4 c5 2.Nf3 Nc6 3.Bb5 g6 4.O-O Bg7 5.c3 Nf6 6.Re1 O-O 7.h3 e5 8.Na3 d6
9.d4 cxd4 10.cxd4 exd4 11.Nxd4 Nxd4 12.Qxd4 a6 13.Bf1 Re8 14.Bg5 h6 15.Bxf6 Bxf6
16.Qd2 b5 17.g3 Ra7 18.Bg2 Rae7 19.Re3 Bb7 20.Rae1 Qb6 21.b3 Kh7 22.Nc2 Qc5
23.Rd3 Rc8 24.Re2 d5 25.e5 Bxe5 26.Bxd5 Bc3 27.Rxe7 Qxe7 28.Qd1 Bxd5 29.Rxd5 Rc7
30.Ne3 Bb2 31.Qf3 Bg7 32.Kg2 Qe6 33.h4 h5 34.Rd8 Rc3 35.Qa8 Rc6 36.Re8 Qd6
37.Rd8 Qe6 38.Re8 Qd6 39.Rd8 Qe6 40.Re8 Qd6  1/2-1/2

[Event "POL-ch"]
[Site "Poland"]
[Date "1996.??.??"]
[Round "14"]
[White "Grabarczyk, Bogdan"]
[Black "Markowski, Tomasz"]
[Result "1/2-1/2"]
[WhiteElo "2420"]
[BlackElo "2535"]

1.e4 c5 2.Nf3 Nc6 3.Bb5 g6 4.Bxc6 dxc6 5.h3 Bg7 6.d3 e5 7.Nc3 Qe7 8.Be3 Nf6
9.Qd2 O-O 10.Bh6 Ne8 11.Nh2 Bxh6 12.Qxh6 Nc7 13.O-O-O Ne6 14.Ne2 Qg5+ 15.Qxg5 Nxg5
16.f4 exf4 17.Nxf4 Ne6 18.Rhf1 f6 19.Rf2 Kg7 20.Rdf1 Nxf4 21.Rxf4 Be6 22.a3 Rad8
23.Ng4 Bxg4 24.Rxg4 Rd4 25.b3 a5 26.a4 Re8 27.Kb2 Re5 28.Kc3 h6 29.Rf2 b5
30.axb5 cxb5 31.Rgf4 Re6 32.h4 a4 33.bxa4 bxa4 34.e5 Rxf4 35.Rxf4 Rxe5 36.Rxa4 h5
37.Re4 Rf5 38.Kd2 g5  1/2-1/2

[Event "Polanica Zdroj op"]
[Site "Polanica Zdroj"]
[Date "1996.??.??"]
[Round "3"]
[White "Labuckas, Aidas"]
[Black "Pasko, Wieslaw"]
[Result "1-0"]
[WhiteElo "2395"]
[BlackElo "2230"]

1.e4 c5 2.Nf3 Nc6 3.Bb5 g6 4.O-O Bg7 5.Re1 Nf6 6.e5 Nd5 7.Nc3 Nc7 8.Bxc6 dxc6
9.Ne4 Ne6 10.d3 O-O 11.Be3 b6 12.Qd2 Nd4 13.Nxd4 cxd4 14.Bh6 c5 15.Qf4 Bb7
16.Qh4 Bxe4 17.Rxe4 e6 18.Bg5 f6 19.exf6 Bxf6 20.Bxf6 Qxf6 21.Qg3 Rf7 22.Rae1 Re8
23.f3 Kg7 24.Re5 Qe7 25.Qg4 Rf6 26.Qe4 Qd7 27.b3 Kf7 28.g4 h6 29.h4 Kg7 30.Kg2 Qf7
31.Qc6 Re7 32.Kg3 Rc7 33.Qe4 Re7 34.f4 Kf8 35.g5 hxg5 36.hxg5 Rf5 37.Rxe6 Rxe6
38.Qxe6 Qxe6 39.Rxe6 Kg7 40.Re7+ Rf7 41.Rxf7+ Kxf7 42.Kf3 Ke7 43.Ke4 Ke6
44.b4 cxb4 45.Kxd4 Kf5 46.Ke3  1-0

[Event "Polanica Zdroj op"]
[Site "Polanica Zdroj"]
[Date "1996.??.??"]
[Round "3"]
[White "Vysochin, Spartak"]
[Black "Swol, Michal"]
[Result "1/2-1/2"]
[WhiteElo "2420"]
[BlackElo "2295"]

1.e4 c5 2.Nf3 Nc6 3.Bb5 e6 4.O-O Nge7 5.c3 a6 6.Be2 d5 7.exd5 Nxd5 8.d4 Be7
9.c4 Nf6 10.dxc5 Qxd1 11.Rxd1 Ne4 12.Be3 Bxc5 13.Nd4 Bxd4 14.Bxd4 Nxd4 15.Rxd4 Nf6
16.Bf3 Rb8 17.Nc3 b6 18.Rad1 Ke7 19.Rd6 Bb7 20.c5 Bxf3 21.gxf3 Rhc8 22.Rxb6 Rxb6
23.cxb6 Rb8 24.Na4 Nd5 25.Rd4 Nxb6 26.Nc5 Nd5 27.b3 a5 28.Kf1 Nc3 29.Rd7+ Ke8
30.Ra7 Nxa2 31.Rxa5 Nc1 32.Ra3 Rb5 33.Ne4 Rxb3 34.Ra8+ Ke7 35.Ra7+ Kf8 36.Ra8+ Ke7
37.Ra7+ Kf8 38.Ra8+  1/2-1/2

[Event "Polanica Zdroj op"]
[Site "Polanica Zdroj"]
[Date "1996.??.??"]
[Round "4"]
[White "Kozel, Roman"]
[Black "Sherbakov, Ruslan"]
[Result "0-1"]
[WhiteElo "2365"]
[BlackElo "2565"]

1.e4 c5 2.Nf3 Nc6 3.Bb5 e6 4.O-O Nge7 5.b3 a6 6.Bxc6 Nxc6 7.Bb2 b5 8.Re1 Bb7
9.Nc3 Bd6 10.d4 cxd4 11.Nxd4 Qb8 12.Nd5 Bxh2+ 13.Kh1 Be5 14.Nb6 Ra7 15.f4 Bf6
16.c4 Qxf4 17.Nxd7 Ne5 18.Nxf6+ gxf6 19.Qh5 Rg8 20.Nxe6 Qg3 21.Re2 Bxe4 22.Bxe5 Bxg2+
23.Kg1 fxe5 24.Qh2 Bf3+ 25.Qxg3 Rxg3+ 26.Kf2 Bxe2 27.Kxg3 fxe6 28.Re1 Bd3
29.Rxe5 bxc4 30.Rxe6+ Kf7 31.Re3 Kf6 32.bxc4 Bxc4 33.a3 Rb7  0-1

[Event "Polanica Zdroj op"]
[Site "Polanica Zdroj"]
[Date "1996.??.??"]
[Round "5"]
[White "Labuckas, Aidas"]
[Black "Shishkin, Vadim"]
[Result "0-1"]
[WhiteElo "2395"]
[BlackElo "2425"]

1.e4 c5 2.Nf3 Nc6 3.Bb5 d6 4.O-O Bd7 5.c3 a6 6.Bxc6 Bxc6 7.Re1 Nf6 8.d4 Bxe4
9.Bg5 Bc6 10.Na3 cxd4 11.Nxd4 e6 12.Bxf6 Qxf6 13.Nxc6 bxc6 14.Qa4 Rc8 15.Rad1 d5
16.Qxa6 Qd8 17.Nc4 Be7 18.Ne5 Qc7 19.Qe2 O-O 20.Rd3 Bd6 21.Rh3 Bxe5 22.Qxe5 Qxe5
23.Rxe5 Ra8 24.g4 Rxa2 25.b4 h6 26.Rhe3 Rc2 27.Rf3 Ra8 28.Ree3 Ra1+ 29.Kg2 g5
30.Rf6 Kg7 31.Rff3 Kg6 32.Rh3 Rcc1 33.Kf3 e5 34.Rxe5 Rxc3+ 35.Kg2 Rxh3 36.Kxh3 Rb1
37.Re8 Rb3+ 38.Kg2 Rxb4 39.h3 Re4 40.Rd8 Re6 41.Rd7 f5 42.Kf3 Kf6 43.Rd8 Ke5
44.Ke3 c5 45.Kd3 fxg4 46.hxg4 Ra6 47.Rf8 Ra3+ 48.Ke2 c4 49.Rf5+ Kd4 50.Rf6 Ra2+
51.Kd1 c3 52.Rxh6 Rxf2 53.Rh5 Kd3 54.Rh3+ Kc4  0-1

[Event "Polanica Zdroj op"]
[Site "Polanica Zdroj"]
[Date "1996.??.??"]
[Round "8"]
[White "Grabarczyk, Bogdan"]
[Black "Sherbakov, Ruslan"]
[Result "1/2-1/2"]
[WhiteElo "2420"]
[BlackElo "2565"]

1.e4 c5 2.Nf3 Nc6 3.Bb5 e6 4.O-O Nge7 5.Nc3 Nd4 6.Nxd4 cxd4 7.Ne2 a6 8.Bd3 d5
9.exd5 Qxd5 10.c4 Qd6 11.b4 Qxb4 12.Rb1 Qd6 13.Be4 Nc6 14.Qa4 Qd7  1/2-1/2

[Event "Polanica Zdroj op"]
[Site "Polanica Zdroj"]
[Date "1996.??.??"]
[Round "8"]
[White "Raudive, Aivars"]
[Black "Ptacnikova, Lenka"]
[Result "1-0"]
[WhiteElo "2365"]
[BlackElo "2185"]

1.e4 c5 2.Nf3 Nc6 3.Bb5 g6 4.O-O Bg7 5.c3 Nf6 6.Re1 O-O 7.h3 Qb6 8.Bf1 Rd8
9.Na3 d6 10.Nc2 Ne5 11.d4 Nxf3+ 12.Qxf3 cxd4 13.Nxd4 Bd7 14.a4 Rac8 15.Nb5 Bxb5
16.axb5 d5 17.exd5 Nxd5 18.c4 Nb4 19.Rxe7 Qf6 20.Bg5 Qxf3 21.gxf3 h6 22.Bf4 a6
23.Rxb7 axb5 24.Rxb5 Nd3 25.Bxd3 Rxd3 26.Rc1 Rxf3 27.Bg3 Rd3 28.c5 Bd4 29.Kg2 Rc6
30.b4 Rb3 31.Rc4  1-0

[Event "Polanica Zdroj op"]
[Site "Polanica Zdroj"]
[Date "1996.??.??"]
[Round "9"]
[White "Kaula, Roman"]
[Black "Bursteinas, Romanas"]
[Result "1-0"]
[WhiteElo "2315"]
[BlackElo "2170"]

1.e4 c5 2.Nf3 Nc6 3.Bb5 d6 4.O-O Bd7 5.Re1 a6 6.Bxc6 Bxc6 7.d4 cxd4 8.Nxd4 Nf6
9.Nc3 e6 10.Qf3 Be7 11.Nxc6 bxc6 12.e5 dxe5 13.Qxc6+ Nd7 14.Rd1 Qc8 15.Qa4 Rb8
16.a3 Rb6 17.Na2 Qc6 18.Qxc6 Rxc6 19.Nb4 Rb6 20.Be3 Rb7 21.Nxa6 Rxb2 22.Nb4 Nb8
23.Bc1 Rxb4 24.axb4 Bxb4 25.Ba3 Bxa3 26.Rxa3 O-O 27.Rd6 g6 28.Kf1 Kg7 29.c4 Kf6
30.c5 e4 31.Ra8 Ke7 32.Rb6 Nd7 33.Ra7  1-0

[Event "POR-CHN m"]
[Site "?"]
[Date "1996.??.??"]
[Round "7"]
[White "Zhang Zhong"]
[Black "Antunes, Antonio"]
[Result "1/2-1/2"]
[WhiteElo "2430"]
[BlackElo "2545"]

1.e4 c5 2.Nf3 Nc6 3.Bb5 g6 4.O-O Bg7 5.Re1 Nf6 6.e5 Nd5 7.Nc3 Nc7 8.Bxc6 dxc6
9.Ne4 Ne6 10.d3 O-O 11.h3 b6 12.b3 a5 13.a4 Ra7 14.Ned2 f5 15.exf6 exf6 16.Bb2 Re7
17.Nc4 Bh6 18.Nfd2 Bg7 19.Bc3 Rfe8 20.Ne4 Nd4 21.Ncd6 Rf8 22.Bxd4 cxd4 23.Nxc8 Qxc8
24.Nd6 Rxe1+ 25.Qxe1 Qd7 26.Nc4 Re8 27.Qd2 Bf8 28.Qf4 Qd8 29.Nd2 Bb4 30.Nf3 Bc3
31.Rc1 Kg7 32.g4 Qb8 33.Qxb8 Rxb8 34.Kf1 b5 35.Ng1 bxa4 36.bxa4 Rb4 37.Ne2 Rxa4
38.Nxc3 dxc3 39.Ke2 h5 40.Ke3 c5 41.gxh5 gxh5 42.Rb1 Ra2 43.Rc1 Kg6 44.d4 cxd4+
45.Kxd4 Ra3 46.Rb1 Kg5 47.Rb5+ f5 48.Ke3 Ra4 49.Rc5 Rh4 50.Rxc3 Rxh3+ 51.f3 Rh2
52.Ra3 Rxc2 53.Rxa5 h4 54.Ra8 h3 55.Rg8+ Kh4 56.Rh8+ Kg3 57.Rg8+ Kh2 58.f4 Kh1
59.Rg5 Rg2 60.Rxf5 Kg1 61.Ra5 Rf2 62.Rg5+ Kf1 63.Rh5 h2 64.f5 Kg1 65.Ke4 Ra2
66.Rh8 Ra4+ 67.Ke5 Ra5+ 68.Kf4 Ra6 69.Kg5 Ra5  1/2-1/2

[Event "Porto San Giorgio op"]
[Site "Porto San Giorgio"]
[Date "1996.??.??"]
[Round "?"]
[White "Godena, Michele"]
[Black "Castrogiovanni, Carlo"]
[Result "1-0"]
[WhiteElo "2485"]
[BlackElo "2100"]

1.e4 c5 2.Nf3 Nc6 3.Bb5 Qc7 4.O-O d6 5.Re1 e6 6.c3 a6 7.Ba4 b5 8.Bc2 e5 9.a4 Rb8
10.h3 Be7 11.d3 Nf6 12.Nbd2 O-O 13.Nf1 h6 14.Ng3 Be6 15.Nh4 Nh7 16.Nhf5 Bg5
17.axb5 axb5 18.Bxg5 hxg5 19.Bb3 Bxf5 20.Nxf5 Ne7 21.Ne3 Ra8 22.Qh5 g6 23.Qf3 Ra7
24.Ra2 Rxa2 25.Bxa2 Kg7 26.Bb3 Qa7 27.Qg4 Ra8 28.g3 Qc7 29.Kg2 Qc8 30.Qf3 f6
31.Rh1 b4 32.Qe2 Rb8 33.Bc4 bxc3 34.bxc3 f5 35.Ra1 Nf6 36.Ra7 Qe8 37.exf5 Ra8
38.Rb7 Rb8 39.Ra7 Ra8 40.Qa2 Rxa7 41.Qxa7 Kf8 42.fxg6 Qxg6 43.Qb8+ Ne8 44.Bb5  1-0

[Event "Porto San Giorgio op"]
[Site "Porto San Giorgio"]
[Date "1996.??.??"]
[Round "?"]
[White "Borgo, Giulio"]
[Black "Minzer, Claudio Javier"]
[Result "1/2-1/2"]
[WhiteElo "2400"]
[BlackElo "2370"]

1.e4 c5 2.Nf3 Nc6 3.Bb5 e6 4.O-O Nge7 5.c3 a6 6.Be2 d5 7.exd5 Nxd5 8.d4 cxd4
9.Nxd4 Bd7 10.Bf3 Nxd4 11.Qxd4 Bc6 12.Re1 Ne7 13.Bxc6+ Nxc6 14.Qg4 h5 15.Qe4 h4
16.h3 Rh5 17.Bf4 Qd5 18.Nd2 Qxe4 19.Nxe4 Rd8 20.Rad1 Rhd5 21.Rxd5 Rxd5 22.Kf1 Be7
23.Ke2 Ne5 24.Be3 f5 25.Nd2 Nd3 26.Rb1 Bf6 27.Nf3 e5 28.Ne1 Nxe1 29.Rxe1  1/2-1/2

[Event "Porto San Giorgio op"]
[Site "Porto San Giorgio"]
[Date "1996.??.??"]
[Round "?"]
[White "Miljanic, Boro"]
[Black "Ljubisavljevic, Zivojin Z"]
[Result "1-0"]
[WhiteElo "2410"]
[BlackElo "2270"]

1.e4 c5 2.Nf3 Nc6 3.Bb5 e6 4.O-O Nge7 5.b3 a6 6.Bxc6 Nxc6 7.Bb2 d5 8.exd5 Qxd5
9.Nc3 Qh5 10.Na4 Bd6 11.Nb6 Rb8 12.Bxg7 Rg8 13.Bb2 Bd7 14.Nxd7 Kxd7 15.Ne5+ Qxe5
16.Bxe5 Nxe5 17.Qh5 Rg7 18.f4 Nc6  1-0

[Event "Portoroz"]
[Site "Portoroz"]
[Date "1996.??.??"]
[Round "?"]
[White "Zugaj, Fjodor"]
[Black "Saradjen, Janko"]
[Result "1-0"]
[WhiteElo "2180"]
[BlackElo "2165"]

1.e4 c5 2.Nf3 Nc6 3.Bb5 g6 4.O-O Bg7 5.c3 Nf6 6.Re1 O-O 7.d4 cxd4 8.e5 Nd5
9.cxd4 d6 10.Bxc6 bxc6 11.Nc3 Bg4 12.h3 Bf5 13.Nxd5 cxd5 14.Bf4 dxe5 15.Bxe5 Bh6
16.g4 Be6 17.g5 Bg7 18.Bxg7 Kxg7 19.Qe2 Qd6 20.Qe5+ Qxe5 21.Rxe5 Rac8 22.Rae1 Rc2
23.R1e2 Rfc8 24.Kg2 Kf8 25.R5e3 Rc1 26.Re1 Rxe1 27.Nxe1 Bf5 28.Ra3 Rc7 29.Kg3 Kg7
30.Ra5 Rb7 31.b3 Bb1 32.Nf3 Rc7 33.Nd2 Bf5 34.Rc5 Rd7 35.Nf1 h5 36.Ne3 Bb1
37.Rxd5 Rxd5 38.Nxd5 Bxa2 39.Nxe7 Bxb3 40.Nc6 a6 41.h4 Bd5 42.Nb4 Bb7 43.d5 a5
44.d6 Kf8 45.Nc2 a4 46.Kf4 Ke8 47.Ke5 Kd7 48.f4 Bf3 49.Na3 Be2 50.Kd5 Bf3+
51.Kc5 Bd1 52.Nc4 Bb3 53.Na3 Bd1 54.Nc4 Bb3 55.Na3 Ba2 56.Nb5 Bb1 57.Na3 Bd3
58.Kd4 Ba6 59.Kc5 Bb7 60.Nb5 Bc8 61.Na3 Bb7 62.Nb5 Bf3 63.Na3 Ke6 64.Nb5 Kd7
65.Na3 Bg4 66.Nc4 Kd8 67.Kb4 Be6 68.Na3 Bc8 69.Kc5 Kd7 70.Nc4 Ke6 71.Kc6 Kf5
72.d7 Bxd7+ 73.Kxd7  1-0

[Event "Portoroz"]
[Site "Portoroz"]
[Date "1996.??.??"]
[Round "?"]
[White "Golubovic, Boris"]
[Black "Palac, Mladen"]
[Result "1/2-1/2"]
[WhiteElo "2385"]
[BlackElo "2545"]

1.e4 c5 2.Nf3 Nc6 3.Bb5 e6 4.O-O Nge7 5.c3 a6 6.Bxc6 Nxc6 7.d4 d5 8.exd5 Qxd5
9.Be3 cxd4 10.cxd4 Be7 11.Nc3 Qd8 12.d5 exd5 13.Nxd5 Be6 14.Nxe7  1/2-1/2

[Event "Portoroz"]
[Site "Portoroz"]
[Date "1996.??.??"]
[Round "?"]
[White "Bezold, Michael"]
[Black "Fucak, Emilijo"]
[Result "1/2-1/2"]
[WhiteElo "2485"]
[BlackElo "2300"]

1.e4 c5 2.Nf3 Nc6 3.Bb5 g6 4.Bxc6 bxc6 5.O-O f6 6.Re1 Bg7 7.c3 Nh6 8.d4 cxd4
9.cxd4 O-O 10.Nc3 d6 11.h3 Nf7 12.Bf4 g5 13.Bg3 f5 14.exf5 Bxf5 15.Qd2 h6
16.Re3 a5 17.Rae1 Ra7 18.Bh2 Bf6 19.Ne4 Bxe4 20.Rxe4 a4 21.h4 Qa5 22.Qc2 Kg7
23.h5 Qf5 24.g4 Qd5 25.Rxe7 Bxe7 26.Rxe7 Rxe7 27.Qg6+ Kh8 28.Qf6+ Kg8 29.Qg6+  1/2-1/2

[Event "Helma op"]
[Site "Pribram"]
[Date "1996.??.??"]
[Round "?"]
[White "Suran, Jan"]
[Black "Znamenacek, Kvetoslav"]
[Result "1-0"]
[WhiteElo "2275"]
[BlackElo "2340"]

1.e4 c5 2.Nf3 Nc6 3.Bb5 Qb6 4.Nc3 e6 5.O-O a6 6.Bxc6 Qxc6 7.d4 cxd4 8.Nxd4 Qc7
9.Bg5 b5 10.Re1 f6 11.Bh4 Ne7 12.Ncxb5 axb5 13.Nxb5 Qe5 14.Nd6+ Qxd6 15.Qxd6 Nf5
16.Qf4 g5 17.Bxg5 fxg5 18.Qxg5 Ng7 19.Re3 Bb7 20.Qf6 Bc6 21.c4 Rg8 22.Rf3 Rh8
23.Rf4 Ra5 24.b4 e5 25.Rg4 Ra3 26.Rxg7 Bxg7 27.Qxg7 Rf8 28.Qxe5+ Kf7 29.b5 Ba8
30.Rd1 Rd8 31.Qf5+ Ke8 32.Qh5+ Kf8 33.Qc5+  1-0

[Event "Banicky Kahanec"]
[Site "Prievidza"]
[Date "1996.??.??"]
[Round "2"]
[White "Cicak, Slavko"]
[Black "Maslik, Miroslav"]
[Result "1-0"]
[WhiteElo "2445"]
[BlackElo "2180"]

1.e4 c5 2.Nf3 Nc6 3.Bb5 g6 4.O-O Bg7 5.c3 Nf6 6.Re1 O-O 7.h3 Qc7 8.a4 d6
9.Na3 b6 10.d4 Bb7 11.d5 Ne5 12.Nxe5 dxe5 13.a5 Rad8 14.Qb3 e6 15.c4 Nh5
16.Bg5 f6 17.Be3 f5 18.Bg5 Bf6 19.Bxf6 Rxf6 20.exf5 gxf5 21.Qe3 Qg7 22.Qxe5 exd5
23.a6 Ba8 24.cxd5 Bxd5 25.Bf1 Qg5 26.Rad1 Re6 27.Qc3 Rxe1 28.Qxe1 Nf6 29.Qe5 Re8
30.Qc7 f4 31.Kh2 Qh4 32.g3 fxg3+ 33.Qxg3+ Qxg3+ 34.fxg3 Re4 35.Nb5 Rb4 36.Nxa7 Rxb2+
37.Kg1 c4 38.Rxd5 Nxd5 39.Bxc4 Rd2 40.Nb5 Kf8 41.a7  1-0

[Event "Banicky Kahanec"]
[Site "Prievidza"]
[Date "1996.??.??"]
[Round "4"]
[White "Velicka, Petr"]
[Black "Boidman, Yuri"]
[Result "0-1"]
[WhiteElo "2430"]
[BlackElo "2365"]

1.e4 c5 2.Nf3 Nc6 3.Bb5 g6 4.Bxc6 dxc6 5.h3 Bg7 6.d3 e5 7.Be3 Qe7 8.Qd2 h6
9.Nc3 f5 10.exf5 gxf5 11.Qe2 b6 12.Bd2 Ba6 13.Nh2 O-O-O 14.Qf3 Qe6 15.O-O-O c4
16.dxc4 Bxc4 17.g4 Ne7 18.gxf5 Nxf5 19.Rhg1 Rhf8 20.Qh5 Qf7 21.Qg6 Kb7 22.b3 Qe7
23.Ne4 Be2 24.Rde1 Rxd2 25.Nxd2 e4 26.Nb1 Bd3 27.Qh5 Bh8 28.cxd3 Qc5+ 29.Kd2 exd3
30.Re7+ Qxe7 31.Rc1 Qe5 32.Nc3 Qf4+ 33.Kd1 Qxh2 34.Qf3 Rf6 35.Nd5 Nd4 36.Qe4 Qg1+
37.Kd2 Rxf2+ 38.Kxd3 Qg3+ 39.Ne3 Qh2 40.Qe7+ Qc7 41.Qxc7+ Kxc7 42.Ng4 Rxa2
43.Rf1 Rb2 44.Rf7+ Kd6 45.Rh7 Be5  0-1

[Event "Banicky Kahanec"]
[Site "Prievidza"]
[Date "1996.??.??"]
[Round "11"]
[White "Velicka, Petr"]
[Black "Maslik, Miroslav"]
[Result "1-0"]
[WhiteElo "2430"]
[BlackElo "2180"]

1.e4 c5 2.Nf3 Nc6 3.Bb5 g6 4.Bxc6 dxc6 5.h3 Bg7 6.d3 Nf6 7.Nc3 O-O 8.Be3 b6
9.Qd2 Ne8 10.Bh6 Nc7 11.h4 Bh8 12.Bxf8 Qxf8 13.h5 Ne6 14.hxg6 fxg6 15.Qh6 Qf7
16.e5 Nf8 17.Ne4 Bg7 18.Qe3 Bg4 19.Nfg5 Qd5 20.f4 h6 21.Nf3 Ne6 22.O-O Nd4
23.Nxd4 cxd4 24.Qg3 Bf5 25.Qf3 Qd7 26.Ng3 Kh7 27.Nxf5 gxf5 28.Kf2 Rg8 29.g4 fxg4
30.Qe4+ Kh8 31.f5 Bf8 32.Kg3 Rg5 33.Rf4 Bg7 34.Re1 h5 35.f6 exf6 36.exf6 Bf8
37.Qxd4 Qf7 38.Kh4 Rg8 39.Rf5 Bc5 40.Qe4 Qh7 41.f7 Rf8 42.Qe5+  1-0

[Event "CRO-ch"]
[Site "Pula"]
[Date "1996.??.??"]
[Round "?"]
[White "Ljubicic, Filip"]
[Black "Martic, Zlatko"]
[Result "1/2-1/2"]
[WhiteElo "2360"]
[BlackElo "2295"]

1.e4 c5 2.Nf3 Nc6 3.Bb5 e6 4.O-O Nge7 5.Re1 Ng6 6.c3 Be7 7.d4 cxd4 8.cxd4 d5
9.e5 O-O 10.Nc3 f6 11.Bd3 fxe5 12.dxe5 Bd7 13.Bxg6 hxg6 14.Qd3 Be8 15.Ne2 Nb4
16.Qb3 Qa5 17.Bd2 Qa4 18.Rec1 Qxb3 19.axb3 Nc6 20.Ned4 Bd7 21.Be3 Nxd4 22.Bxd4 Rfc8
23.h3 a6 24.Bc3 Rc7 25.Ba5 Rxc1+ 26.Rxc1 Rc8 27.Rxc8+ Bxc8 28.Bb6 Kf7 29.Kf1 Bd7
30.Be3  1/2-1/2

[Event "Regensburg op"]
[Site "Regensburg"]
[Date "1996.??.??"]
[Round "4"]
[White "Georgiev, Krum"]
[Black "Naumann, Frank"]
[Result "1-0"]
[WhiteElo "2490"]
[BlackElo "2290"]

1.e4 c5 2.Nf3 Nc6 3.Bb5 g6 4.c3 Nf6 5.e5 Nd5 6.d4 cxd4 7.Qb3 Nc7 8.Bc4 e6
9.cxd4 Na5 10.Qc3 Nxc4 11.Bg5 Be7 12.Bxe7 Qxe7 13.Qxc4 Nd5 14.Nbd2 f5 15.exf6 Nxf6
16.Rc1 O-O 17.O-O b6 18.Qa4 d6 19.Rfe1 Bb7 20.Qa3 Nd5 21.Ne4 Rad8 22.Neg5 Rf6
23.Rc2 h6 24.Ne4 Rf7 25.Nfd2 a5 26.Qg3 Kg7 27.Nc4 Nf4 28.Nxb6 Ba6 29.Nc3 Qb7
30.Nba4 Rdf8 31.f3 Bb5 32.b3 Bc6 33.Rec1 h5 34.Ne4 Bxa4 35.Nxd6 Qd5 36.Nxf7 Rxf7
37.bxa4 Qxd4+ 38.Kh1 Nd3 39.Rb1  1-0

[Event "EU-ch U18"]
[Site "Rimavska Sobota"]
[Date "1996.??.??"]
[Round "6"]
[White "Grund, Holger"]
[Black "Mchedlishvili, Mikheil"]
[Result "1-0"]
[WhiteElo "2375"]
[BlackElo "2370"]

1.e4 c5 2.Nf3 Nc6 3.Bb5 g6 4.Bxc6 dxc6 5.d3 Bg7 6.h3 Nf6 7.Nc3 O-O 8.Be3 b6
9.Qd2 Re8 10.O-O-O a5 11.g4 Ba6 12.Rdg1 Rb8 13.Bh6 Bh8 14.Bf4 Rc8 15.h4 c4
16.dxc4 Bxc4 17.Qe3 Qd7 18.Rd1 Qb7 19.Ne5 Be6 20.h5 Nxg4 21.Qg3 Bxe5 22.Bxe5 Nxe5
23.hxg6 Nxg6 24.Qh2 Red8 25.Qxh7+ Kf8 26.Qh6+ Ke8 27.Qh8+ Nf8 28.Rdg1 Kd7
29.f4 f6 30.f5 Bc4 31.Rg7 c5 32.b3 Ng6 33.Qh2 Ne5 34.bxc4 Re8 35.Nd5 Rc6
36.Nxe7 Rxe7 37.Rd1+ Rd6 38.Rxd6+ Kxd6 39.Qd2+  1-0

[Event "EU-ch U18"]
[Site "Rimavska Sobota"]
[Date "1996.??.??"]
[Round "9"]
[White "Grund, Holger"]
[Black "Starostits, Ilmas"]
[Result "1-0"]
[WhiteElo "2375"]
[BlackElo "2210"]

1.e4 c5 2.Nf3 Nc6 3.Bb5 g6 4.O-O Bg7 5.Re1 e5 6.b4 cxb4 7.a3 bxa3 8.Bxa3 d6
9.d4 exd4 10.e5 dxe5 11.Nxe5 Bxe5 12.Rxe5+ Be6 13.Bxc6+ bxc6 14.Qf3 Qd7 15.Nd2 f6
16.Rae1  1-0